LEADER 00786nam0-22002891i-450- 001 990005393630403321 005 20090617125342.0 010 $a0-8371-8723-0 035 $a000539363 035 $aFED01000539363 035 $a(Aleph)000539363FED01 035 $a000539363 100 $a19990604d1976----km-y0itay50------ba 101 0 $aeng 105 $af-------00--- 200 1 $aHadrian$fby Stewart Perowne M. A 210 $aWestport (Connec.)$cGreenwood Press$d1976 215 $a192 p., 30 tav.$d23 cm 676 $a937.07092$v22$zita 700 1$aPerowne,$bStewart$0194590 801 0$aIT$bUNINA$gRICA$2UNIMARC 901 $aBK 912 $a990005393630403321 952 $a937.07 PER 1$bANT. G.R. 3172$fFLFBC 959 $aFLFBC 996 $aHadrian$9521407 997 $aUNINA LEADER 02897nam0 22003851i 450 001 SUN0016489 005 20160122103001.727 010 $a88-299-1636-6 100 $a20040524d2002 |0itac50 ba 101 $aita 102 $aIT 105 $a|||| ||||| 200 1 $aIgiene, medicina preventiva e sanità pubblica$fPaolo Marinelli ... [et al.] 210 $aPadova$cPiccin$d2002 215 $aXVI, 431 p.$cill.$d24 cm. 620 $dPadova$3SUNL000007 676 $a614.44$cIgiene. Medicina preventiva e sanità pubblica$v22 702 1$aMarinelli$b, Paolo$3SUNV012309 712 $aPiccin$3SUNV000025$4650 801 $aIT$bSOL$c20181109$gRICA 912 $aSUN0016489 950 $aUFFICIO DI BIBLIOTECA DEL DIPARTIMENTO DI SCIENZE E TECNOLOGIE AMBIENTALI BIOLOGICHE E FARMACEUTICHE$d17 PREST Oa18 $e17 DSV753 950 $aUFFICIO DI BIBLIOTECA DEL DIPARTIMENTO DI SCIENZE E TECNOLOGIE AMBIENTALI BIOLOGICHE E FARMACEUTICHE$d17 PREST Oa22 $e17 FSA1847 950 $aUFFICIO DI BIBLIOTECA DEL DIPARTIMENTO DI SCIENZE E TECNOLOGIE AMBIENTALI BIOLOGICHE E FARMACEUTICHE$d17 PREST Oa21 $e17 FSA1846 950 $aUFFICIO DI BIBLIOTECA DEL DIPARTIMENTO DI SCIENZE E TECNOLOGIE AMBIENTALI BIOLOGICHE E FARMACEUTICHE$d17 PREST Oa20 $e17 FSA1845 950 $aUFFICIO DI BIBLIOTECA DEL DIPARTIMENTO DI SCIENZE E TECNOLOGIE AMBIENTALI BIOLOGICHE E FARMACEUTICHE$d17 CONS Oa19 $e17 DSV754 950 $aUFFICIO DI BIBLIOTECA DEI DIPARTIMENTI DI AREA MEDICA$d12 CONS aule studio $e12 13472 995 $aUFFICIO DI BIBLIOTECA DEL DIPARTIMENTO DI SCIENZE E TECNOLOGIE AMBIENTALI BIOLOGICHE E FARMACEUTICHE$bIT-CE0101$gDSV$h753$kPREST Oa18$op$qa 995 $aUFFICIO DI BIBLIOTECA DEL DIPARTIMENTO DI SCIENZE E TECNOLOGIE AMBIENTALI BIOLOGICHE E FARMACEUTICHE$bIT-CE0101$gFSA$h1847$kPREST Oa22$op$qa 995 $aUFFICIO DI BIBLIOTECA DEL DIPARTIMENTO DI SCIENZE E TECNOLOGIE AMBIENTALI BIOLOGICHE E FARMACEUTICHE$bIT-CE0101$gFSA$h1846$kPREST Oa21$op$qa 995 $aUFFICIO DI BIBLIOTECA DEL DIPARTIMENTO DI SCIENZE E TECNOLOGIE AMBIENTALI BIOLOGICHE E FARMACEUTICHE$bIT-CE0101$gFSA$h1845$kPREST Oa20$op$qa 995 $aUFFICIO DI BIBLIOTECA DEL DIPARTIMENTO DI SCIENZE E TECNOLOGIE AMBIENTALI BIOLOGICHE E FARMACEUTICHE$bIT-CE0101$gDSV$h754$kCONS Oa19$oc$qa 995 $aUFFICIO DI BIBLIOTECA DEI DIPARTIMENTI DI AREA MEDICA$bIT-NA0588$h13472$kCONS aule studio$op$qa 996 $aIgiene medicina preventiva e sanità pubblica$9146450 997 $aUNICAMPANIA